Experimentos de física y química /

Guardado en:
Autor Principal: Fesquet, Alberto Enrique
Formato: Libro
Publicado: Buenos Aires : Kapelusz, 1960
Edición:11a. ed.
Materias:
Etiquetas: Agregar Etiqueta
Sin Etiquetas, Sea el primero en etiquetar este registro!
LEADER 00566nam a22002055a 4500
001 CEM.cems002497
005 20060221000000.0
008 130507s1960##################000#0#####d
003 CEMS
082 0 4 |a 541.042 
100 1 |a Fesquet, Alberto Enrique 
245 1 0 |a Experimentos de física y química / 
250 |a 11a. ed. 
260 |a Buenos Aires :  |b Kapelusz,  |c 1960 
300 |a 165 p. 
653 |a Fisica 
653 |a Fisica-experimentos 
653 |a Quimica 
653 |a Quimica-experimentos 
859 |a CEMS  |b BIB. CEMS - 11 de abril  |h 541.042  |i F441a11  |p 10498.81  |t Ej.1